00428nam a22001577a 4500003000500000005001700005008004100022020001800063040000600081082001600087100001300103245008400116260003100200300000900231650003000240CEME20210628210632.0210210b xxu||||| |||| 00| 0 eng d a0-471-35033-8 c. a621.362 JHA aJha, A.R aInfrared technology application to electro-optics, photonic devices and sensors aNEW YORKbJOHN WILEYc2000 a450P aINFRARED RADIATION THEORY